[Event "AUTO-OPEN-4611"]
[Site "http://www.queenalice.com/game.php?id=1861991"]
[Date "2025.8.24"]
[Round "1"]
[White "juim"]
[Black "SGF"]
[Result "0-1"]
[WhiteElo "1625"]
[BlackElo "1804"]

1. e4 e5 2. d4 Qf6 3. dxe5 Qxe5 4. Bd3 g5 5. Bxg5 Qxg5 6. g3 Qf6 7. c3 Bc5 8.
Qe2 Ne7 9. Nf3 d6 10. O-O h5 11. Nbd2 a6 12. Bc4 h4 13. Nxh4 Qg7 14. Nhf3 Qh6
15. h4 Bg4 16. Bb3 Ng6 17. Nc4 Rg8 18. Ncd2 Nf4 19. Qd1 Nd3 20. Qc2 Nxf2 21. Kh2
Bxf3 22. Nxf3 Ng4+ 23. Kh1 Ne3 24. Qd2 Rxg3 25. Rg1 Rxf3 26. Qh2 Nd7 27. Rg5
O-O-O 28. Ba4 Nf1 29. Qg2 Qxh4+ 0-1

[Event "AUTO-OPEN-4611"]
[Site "http://www.queenalice.com/game.php?id=1862016"]
[Date "2025.8.24"]
[Round "1"]
[White "game"]
[Black "juim"]
[Result "1-0"]
[WhiteElo "1636"]
[BlackElo "1599"]

1. e4 d5 2. Nf3 Bg4 3. Be2 dxe4 4. Ng5 Bxe2 5. Qxe2 f5 6. Qc4 Nh6 7. d4 Qd6 8.
Qb5+ Nc6 9. Qxb7 Rb8 10. Qa6 Nf7 11. h4 Nb4 12. Qc4 a5 13. Qxf7+ Kd8 14. Ne6+
Kd7 15. Nc5+ Kc8 16. Qe8+ Qd8 17. Qa4 c6 18. Bf4 Ra8 19. c3 g6 20. cxb4 Qb6 21.
Nc3 Bg7 22. O-O-O Bf8 23. Be5 Rg8 24. Qb3 Bh6+ 25. Kc2 axb4 26. Qe6+ 1-0

[Event "AUTO-OPEN-4611"]
[Site "http://www.queenalice.com/game.php?id=1862017"]
[Date "2025.8.24"]
[Round "1"]
[White "juim"]
[Black "game"]
[Result "0-1"]
[WhiteElo "1573"]
[BlackElo "1706"]

1. e4 c5 2. d4 Nf6 3. e5 Nd5 4. Bc4 e6 5. Nf3 cxd4 6. Bxd5 exd5 7. Nxd4 Bc5 8.
Be3 Nc6 9. Nxc6 dxc6 10. Bxc5 Qa5+ 11. Nc3 Be6 12. Bd4 O-O 13. O-O c5 14. Be3 d4
15. Ne4 dxe3 16. f3 Bc4 17. Re1 e2 18. Qd2 Qb5 19. c3 Rfd8 20. Qc2 Bd3 21. Qd2
Bc4 22. Qc2 Bd3 23. Qd2 Bc4 24. Nd6 Qb6 25. Nxc4 Qc7 26. Qxe2 Re8 27. Rad1 b5
28. Ne3 Rxe5 29. f4 Re4 30. Qf3 Rae8 31. f5 Rh4 32. g3 Rhe4 33. Rd3 c4 34. Rd5
Qb6 35. f6 Rxe3 36. Kg2 Rxe1 37. Rg5 g6 38. Kh3 R1e6 39. Qh5 Rxf6 40. Re5 Rfe6
41. Rxe6 Qxe6+ 42. Qg4 Qxg4+ 43. Kxg4 Re2 0-1

[Event "AUTO-OPEN-4611"]
[Site "http://www.queenalice.com/game.php?id=1862034"]
[Date "2025.8.24"]
[Round "1"]
[White "juim"]
[Black "jpribeiro"]
[Result "1-0"]
[WhiteElo "1576"]
[BlackElo "1629"]

1. e4 c5 2. d4 cxd4 3. Qxd4 Nc6 4. Qd1 Nf6 5. Nc3 e6 6. Bg5 Be7 7. Nf3 Qa5 8.
Bd3 h6 9. Bd2 O-O 10. O-O Qd8 11. Bb5 Qc7 12. g3 a6 13. Ba4 b5 14. Bb3 b4 15.
Ne2 Nxe4 16. Bf4 e5 17. Be3 Bb7 18. Ba4 Rad8 19. Bxc6 dxc6 20. Qc1 a5 21. c3 Ba6
22. Re1 f5 23. Qc2 Bd3 24. Qc1 g5 25. c4 g4 26. Nd2 Nxd2 27. Bxd2 h5 28. b3 Bc5
29. Bg5 Rd7 30. Bh6 Rfd8 31. Qg5+ Kh7 32. Qxh5 Kg8 33. Qg5+ Kh7 34. a3 Rg8 35.
Qh5 Qb6 36. Bf8# 1-0

[Event "AUTO-OPEN-4611"]
[Site "http://www.queenalice.com/game.php?id=1862035"]
[Date "2025.8.24"]
[Round "1"]
[White "jpribeiro"]
[Black "juim"]
[Result "1-0"]
[WhiteElo "1655"]
[BlackElo "1586"]

1. e4 d5 2. Nf3 dxe4 3. Ng5 Bf5 4. d3 exd3 5. cxd3 f6 6. Nf3 Nc6 7. Nh4 Be6 8.
f4 Nh6 9. h3 Nd4 10. Be3 c5 11. Nc3 Qc7 12. Qa4+ Bd7 13. Qd1 e5 14. fxe5 Qxe5
15. Nf3 Qc7 16. Nd5 Qa5+ 17. Bd2 Qd8 18. Nxd4 cxd4 19. Bxh6 gxh6 20. Qh5# 1-0

[Event "AUTO-OPEN-4617"]
[Site "http://www.queenalice.com/game.php?id=1863729"]
[Date "2025.10.2"]
[Round "1"]
[White "juim"]
[Black "askasl159"]
[Result "1-0"]
[WhiteElo "1610"]
[BlackElo "1588"]

1. e4 e5 2. d4 exd4 3. Qxd4 Nc6 4. Qe3 g6 5. Bb5 Nge7 6. Nf3 Bg7 7. c3 O-O 8.
O-O a6 9. Bd3 d5 10. e5 Nf5 11. Bxf5 Bxf5 12. Na3 Re8 13. Re1 Be4 14. Bd2 Nxe5
15. Nxe5 Rxe5 16. Qg3 Qe7 17. Bf4 Re6 18. Bxc7 Re8 19. Re2 1-0

[Event "AUTO-OPEN-4617"]
[Site "http://www.queenalice.com/game.php?id=1863730"]
[Date "2025.10.2"]
[Round "1"]
[White "askasl159"]
[Black "juim"]
[Result "0-1"]
[WhiteElo "1604"]
[BlackElo "1594"]

1. e4 d5 2. exd5 Qxd5 3. Nc3 Qd8 4. Nf3 e6 5. Bc4 Bb4 6. Ne4 Nf6 7. Nxf6+ Qxf6
8. c3 Bc5 9. O-O O-O 10. d4 Bd6 11. Bg5 Qf5 12. Bd3 Qd5 13. c4 Qc6 14. c5 f6 15.
Bh4 Na6 16. cxd6 Qxd6 17. Bxa6 Qxa6 18. Bg3 e5 19. dxe5 fxe5 0-1

[Event "AUTO-OPEN-4617"]
[Site "http://www.queenalice.com/game.php?id=1863731"]
[Date "2025.10.2"]
[Round "1"]
[White "juim"]
[Black "dosoldini"]
[Result "1-0"]
[WhiteElo "1623"]
[BlackElo "1668"]

1. e4 e5 2. d4 Nc6 3. d5 Nce7 4. Bg5 f6 5. Bh4 g6 6. Nc3 d6 7. Qf3 a6 8. O-O-O
g5 9. Bg3 Bh6 10. Kb1 f5 11. Bd3 g4 12. Qe2 Bd7 13. exf5 Nxf5 14. Bxf5 Bxf5 15.
f3 Nf6 16. h3 Nh5 17. Bxe5 Bxc2+ 18. Kxc2 Bg7 19. hxg4 Qe7 20. Bxg7 Qxe2+ 21.
Ngxe2 Nxg7 22. Nf4 O-O-O 23. Ne6 1-0

[Event "AUTO-OPEN-4617"]
[Site "http://www.queenalice.com/game.php?id=1863732"]
[Date "2025.10.2"]
[Round "1"]
[White "dosoldini"]
[Black "juim"]
[Result "0-1"]
[WhiteElo "1695"]
[BlackElo "1678"]

1. e4 d5 2. e5 Be6 3. d4 g6 4. h3 c6 5. Bd2 Nd7 6. Nf3 Qb6 7. b3 O-O-O 8. Nc3
Bf5 9. Na4 Qc7 10. Ng5 Be6 11. Nc5 Bf5 12. Nxf7 Nxc5 13. Nxh8 Ne4 14. Nf7 Rd7
15. e6 Bxe6 16. Ne5 Rd8 17. Be3 Bg7 18. Bd3 Nc3 19. Qd2 Ne4 20. Bxe4 dxe4 21.
Bf4 Bxe5 22. Be3 Bd6 23. c4 b6 24. g3 Nf6 25. O-O-O a5 26. Qe2 Ba3+ 27. Kc2 a4
28. Kc3 Qd6 29. Bf4 Qb4+ 30. Kc2 axb3+ 31. axb3 Qa5 32. Bd2 Qa7 33. Ra1 Kd7 34.
Bb4 Bf5 35. Kc3 Bxb4+ 36. Kxb4 Qb7 37. g4 Be6 38. g5 Nh5 39. Qxe4 c5+ 40. Kc3
Qxe4 0-1

[Event "AUTO-OPEN-4617"]
[Site "http://www.queenalice.com/game.php?id=1863733"]
[Date "2025.10.2"]
[Round "1"]
[White "juim"]
[Black "josebaron"]
[Result "0-1"]
[WhiteElo "1625"]
[BlackElo "2156"]

1. e4 e5 2. d4 exd4 3. Qxd4 Nc6 4. Qd1 Nf6 5. f3 Bc5 6. Bb5 O-O 7. Ne2 d6 8.
Bxc6 bxc6 9. Bg5 h6 10. Bf4 Nh5 11. Nbc3 Re8 12. g3 Nxf4 13. Nxf4 d5 14. Qd2
dxe4 15. O-O-O Qxd2+ 16. Rxd2 Be3 17. Rd1 exf3 18. Kb1 Bxd2 19. Rxd2 f2 20. Ng2
f1=Q+ 21. Nd1 Bg4 22. a3 Bxd1 23. Ka2 Re2 24. Rd4 Bxc2 25. Nf4 Qb1# 0-1

[Event "AUTO-OPEN-4617"]
[Site "http://www.queenalice.com/game.php?id=1863734"]
[Date "2025.10.2"]
[Round "1"]
[White "josebaron"]
[Black "juim"]
[Result "1-0"]
[WhiteElo "2135"]
[BlackElo "1546"]

1. e4 d5 2. exd5 Qxd5 3. Nc3 Qd8 4. Nf3 e6 5. d4 Bb4 6. Bd3 Bxc3+ 7. bxc3 Nf6 8.
Bg5 O-O 9. O-O h6 10. Bh4 Nc6 11. a4 Bd7 12. Ne5 Nxe5 13. dxe5 g5 14. exf6 gxh4
15. Qg4+ 1-0

[Event "AUTO-INT-3946"]
[Site "http://www.queenalice.com/game.php?id=1863855"]
[Date "2025.10.6"]
[Round "1"]
[White "ajr"]
[Black "juim"]
[Result "0-1"]
[WhiteElo "1663"]
[BlackElo "1699"]

1. d4 d5 2. Nc3 e6 3. a3 Nc6 4. Nf3 Bd6 5. e4 dxe4 6. Nxe4 Nge7 7. Bb5 Bd7 8.
Nxd6+ cxd6 9. O-O O-O 10. Re1 a6 11. Bxc6 Bxc6 12. b4 Nf5 13. c3 a5 14. Bf4 Nh4
15. Nxh4 Qxh4 16. Bxd6 Qg5 17. f3 Rad8 18. Bxf8 Kxf8 19. Ra2 Qd5 20. Rb2 Rc8 21.
b5 Bd7 22. Qd3 g6 23. Re5 Qd6 24. a4 Qa3 25. Rc5 Qxb2 26. Rxc8+ Bxc8 27. Qc4 Bd7
28. Qc7 Qe2 29. h3 Be8 30. Qxb7 Qd1+ 31. Kf2 Qxa4 32. b6 Bb5 33. Qc8+ Kg7 34. b7
Ba6 35. b8=Q Qc2+ 36. Kg3 Bxc8 37. Qxc8 a4 0-1

[Event "AUTO-INT-3946"]
[Site "http://www.queenalice.com/game.php?id=1863856"]
[Date "2025.10.6"]
[Round "1"]
[White "juim"]
[Black "ajr"]
[Result "1-0"]
[WhiteElo "1650"]
[BlackElo "1715"]

1. e4 a6 2. d3 e5 3. Be3 d5 4. exd5 b5 5. Nc3 Bb4 6. Bd2 Nf6 7. Qf3 Bxc3 8. Bxc3
Nxd5 9. Bxe5 f6 10. Bg3 h5 11. O-O-O Bg4 12. Re1+ Kf7 13. Bxc7 Bxf3 14. Bxd8
Bxg2 15. Bxg2 Rxd8 16. Nf3 Nc6 17. Nd2 Ne5 18. Re4 Re8 19. d4 Nd3+ 20. cxd3 Nb4
21. Kb1 Nxd3 22. Rh4 g6 23. Bxa8 Rxa8 24. Rg1 Nxf2 25. d5 Nd3 26. Rd4 Ne5 27. d6
Ra7 28. Ne4 Rd7 29. Rf1 f5 30. Re1 Nf3 31. Ng5+ Kf6 32. Nxf3 1-0

[Event "AUTO-INT-3946"]
[Site "http://www.queenalice.com/game.php?id=1863875"]
[Date "2025.10.6"]
[Round "1"]
[White "juim"]
[Black "tche_elvio"]
[Result "1-0"]
[WhiteElo "1701"]
[BlackElo "1444"]

1. e4 c5 2. d4 e6 3. dxc5 Bxc5 4. Be3 Bxe3 5. fxe3 d6 6. Bd3 Bd7 7. Nf3 Ne7 8.
e5 Qa5+ 9. Nbd2 O-O 10. exd6 Nf5 11. Qe2 Nxd6 12. O-O a6 13. e4 Nc6 14. Ng5 Qxg5
15. Nf3 Qc5+ 16. Kh1 Nd4 17. Nxd4 b5 18. Nb3 Qb6 19. c3 Nc4 20. Qc2 Ne3 21. Qf2
Bc6 22. Rfe1 Rab8 23. Rxe3 g6 24. Nd4 h5 25. Rg3 Kg7 26. Qe2 Qb7 27. Qxh5 Bxe4
28. Qe5+ Kg8 29. Bxe4 Qb6 30. Rf1 Rbd8 31. Rh3 1-0

[Event "AUTO-INT-3946"]
[Site "http://www.queenalice.com/game.php?id=1863876"]
[Date "2025.10.6"]
[Round "1"]
[White "tche_elvio"]
[Black "juim"]
[Result "0-1"]
[WhiteElo "1450"]
[BlackElo "1695"]

1. e4 d5 2. d4 dxe4 3. Be3 e6 4. a3 Bd6 5. g3 Nf6 6. Bg2 O-O 7. Ne2 Bd7 8. O-O
Bc6 9. Nbc3 Bd7 10. Nxe4 Nxe4 11. Bxe4 Nc6 12. b4 a5 13. c3 axb4 14. axb4 Rxa1
15. Qxa1 Qa8 16. Qxa8 Rxa8 17. Bf4 Bxf4 18. Nxf4 e5 19. dxe5 Nxe5 20. Bxb7 Ra3
21. Ne2 c6 22. Rd1 Ra7 23. Bxc6 h6 24. Bxd7 Nxd7 25. Nd4 Ne5 26. h4 Ng4 27. Nc6
Ra2 28. Rd8+ Kh7 29. Rd4 Nxf2 30. Rf4 Nh3+ 0-1

[Event "AUTO-INT-3955"]
[Site "http://www.queenalice.com/game.php?id=1867027"]
[Date "2025.12.13"]
[Round "1"]
[White "Piondanslevent"]
[Black "juim"]
[Result "0-1"]
[WhiteElo "1528"]
[BlackElo "1721"]

1. d4 d5 2. b3 e6 3. e3 Bd6 4. c4 dxc4 5. Bxc4 Nf6 6. Nf3 Bd7 7. O-O O-O 8. a3
Ne4 9. b4 Qf6 10. Bb2 Ng5 0-1

[Event "AUTO-INT-3955"]
[Site "http://www.queenalice.com/game.php?id=1867029"]
[Date "2025.12.13"]
[Round "1"]
[White "Yanni"]
[Black "juim"]
[Result "0-1"]
[WhiteElo "1543"]
[BlackElo "1712"]

1. e4 d5 2. e5 c6 3. d3 e6 4. Nf3 Bb4+ 5. c3 Ba5 6. Bg5 Ne7 7. b4 Bb6 8. h3 h6
9. Bh4 Bd7 10. Be2 Na6 11. O-O Qc7 12. d4 Qd8 13. Nbd2 Qc7 14. Rb1 c5 15. bxc5
Nxc5 16. dxc5 Qxc5 17. Nb3 Qc7 18. Nbd2 O-O-O 19. Bxe7 Rde8 20. Bb4 a6 21. Rc1
Ba5 22. Bd6 Qb6 0-1

[Event "AUTO-OPEN-4631"]
[Site "http://www.queenalice.com/game.php?id=1867146"]
[Date "2025.12.18"]
[Round "1"]
[White "chessman"]
[Black "juim"]
[Result "0-1"]
[WhiteElo "2087"]
[BlackElo "1669"]

1. e4 d5 2. exd5 Qxd5 3. Nc3 Qd8 4. Bc4 e6 5. Nf3 Bb4 6. O-O Bxc3 7. bxc3 Nf6 8.
Re1 O-O 9. d4 Nc6 10. Bg5 h6 11. Bh4 Na5 12. Bd3 Nc6 13. Qe2 Nd5 14. Bxd8 Rxd8
15. c4 Nf4 16. Qe4 Ng6 0-1

[Event "AUTO-OPEN-4631"]
[Site "http://www.queenalice.com/game.php?id=1867147"]
[Date "2025.12.18"]
[Round "1"]
[White "juim"]
[Black "chessman"]
[Result "0-1"]
[WhiteElo "1714"]
[BlackElo "2117"]

1. e4 e6 2. d4 d5 3. e5 c5 4. dxc5 Bxc5 5. Qe2 Ne7 6. Bg5 Qb6 7. b3 Nf5 8. Nh3
Nc6 9. Nc3 Bd4 10. Bd2 Nxe5 11. f3 Bd7 12. O-O-O Rc8 13. Nf4 Qa5 14. Na4 Qc7 15.
c4 dxc4 16. b4 Bxa4 17. Re1 Nd3+ 18. Kb1 Nxe1 19. Qxe1 O-O 20. g4 c3 21. gxf5
Bc2+ 22. Kxc2 cxd2+ 0-1

[Event "AUTO-ADV-4909"]
[Site "http://www.queenalice.com/game.php?id=1867257"]
[Date "2025.12.19"]
[Round "1"]
[White "maurice916"]
[Black "juim"]
[Result "1-0"]
[WhiteElo "1907"]
[BlackElo "1729"]

1. Nf3 d5 2. b3 e6 3. Bb2 Nf6 4. e3 Bd6 5. d4 Bd7 6. c4 dxc4 7. Bxc4 c6 8. O-O
O-O 9. Nbd2 Qc7 10. g3 c5 11. Rc1 e5 12. dxe5 Be7 13. exf6 Bxf6 14. Bxf6 Bh3 15.
Bxg7 Kxg7 16. Re1 Nd7 17. Bf1 Bg4 18. Qc2 Rg8 19. Ng5 Nf6 20. Bg2 Rh8 21. Qxc5
Qd7 22. Ndf3 h6 23. Red1 Qe8 24. Nh3 h5 25. Qg5+ Kf8 26. Qxf6 Rg8 27. Nhg5 Rg7
28. Ne5 a5 29. Nxg4 hxg4 30. Bxb7 Rb8 31. Bc6 Qc8 32. Bd7 Qd8 33. Ne6+ 1-0

[Event "AUTO-ADV-4909"]
[Site "http://www.queenalice.com/game.php?id=1867275"]
[Date "2025.12.19"]
[Round "1"]
[White "juim"]
[Black "Connor"]
[Result "0-1"]
[WhiteElo "1701"]
[BlackElo "1844"]

1. e4 e5 2. d4 exd4 3. Qxd4 Nc6 4. Qd1 Nf6 5. Bd3 d6 6. Bg5 Be7 7. Bb5 Bd7 8. f3
a6 9. Bd3 Ne5 10. Be2 b5 11. Nc3 c5 12. f4 Nc6 13. Nf3 b4 14. Nd5 Nxd5 15. exd5
Na5 16. b3 Bxg5 17. fxg5 Bg4 18. O-O Bxf3 19. Rxf3 Qxg5 20. Qf1 Qxd5 21. Rf5
Qd4+ 22. Kh1 O-O 23. Bh5 g6 24. Rf4 Qg7 25. Bf3 Ra7 26. Rd1 Rd8 27. Qe2 Qf8 28.
Bd5 Rdd7 29. Rdf1 Kg7 30. Qd2 Rac7 31. Be6 Re7 32. Re4 Qd8 33. c3 fxe6 34. Qb2
Kg8 35. cxb4 cxb4 36. Rxb4 Rf7 37. Re1 Qf8 38. Ra4 Rf1+ 0-1

[Event "AUTO-ADV-4909"]
[Site "http://www.queenalice.com/game.php?id=1867276"]
[Date "2025.12.19"]
[Round "1"]
[White "Connor"]
[Black "juim"]
[Result "1-0"]
[WhiteElo "1778"]
[BlackElo "1670"]

1. d4 d5 2. e3 e6 3. Nf3 Bb4+ 4. Bd2 Bxd2+ 5. Qxd2 Ne7 6. c4 dxc4 7. Bxc4 O-O 8.
Nc3 Nec6 9. a3 a6 10. O-O Nd7 11. b4 b5 12. Bd3 Nf6 13. Ne4 Nxe4 14. Bxe4 Qd6
15. Ne5 Bb7 16. Nxc6 Bxc6 17. Bxc6 Qxc6 18. Rac1 Qd7 19. Rc5 e5 20. Rxe5 Rfe8
21. Rxe8+ Rxe8 22. Rc1 Re6 23. Qc2 c6 24. Qe2 Rg6 25. g3 Qh3 26. Qf1 Qe6 27. Qg2
h6 28. Qf1 Rg5 29. Rc5 Rg6 30. Qc1 Qe8 31. d5 Rd6 32. dxc6 Qc8 33. c7 Kh7 34.
Qb1+ g6 35. Kg2 Rd7 36. Rc6 Rxc7 37. Rxc7 Qxc7 38. h4 h5 39. Qd3 Qc6+ 40. f3 Qc1
41. f4 Qb2+ 42. Kf3 Qf6 43. e4 Qe6 44. Kf2 Qh3 45. Qd5 Qe6 46. Qxe6 fxe6 47. Ke3
Kg7 48. Kd4 Kf6 49. Kc5 e5 50. Kb6 Ke6 51. Kxa6 Kf6 52. Kxb5 exf4 53. gxf4 Ke6
54. a4 1-0